000 01424nam0a22003011 4500
001 rc\3233880
005 20260407211813.0
021 _aRU
_b[70-50768]
035 _a(NLR Aleph) 007472783
090 _a7434367
_c7434367
100 _a20130115d1970 |||y0rusy50 ca
101 0 _arus
102 _aRU
105 _aa z |||||
200 1 _aЭлектронно-гидравлическая система автоматического регулирования "Кристалл"
_eМетод. разработка
_fМ-во коммун. хоз-ва УССР. Респ. учеб.-метод. кабинет
210 _aКиев
_cБ. и.
_d1970
215 _a37, [23] с.
_cчерт.
_d20
300 _aВ вып. дан. сост.: И. Росихин и О. Шаман
532 1 3 _aЭлектронно-гидравлическая система автоматического регулирования Кристалл
606 _aОтопительные котлы
_xАвтоматическое регулирование
_2psbo
702 1 _aШаман
_bО.
_4220
702 1 _aРосихин
_bИ.
_4220
712 0 1 _aУССР
_bМинистерство коммунального хозяйства
_bУчебно-методический кабинет
_9776751
_3RU\NLR\AUTH\8810140915
801 0 _aRU
_bNLR
_gpsbo
801 1 _aRU
_bELAR
_2rusmarc
852 _aNLR
_j70-4/12935
942 _cBOOK
980 _aNB